LEADER 02834 am 2200421 n 450 001 9910495818803321 005 20240104030446.0 010 $a2-7535-6265-2 024 7 $a10.4000/books.pur.70938 035 $a(CKB)4100000008496703 035 $a(FrMaCLE)OB-pur-70938 035 $a(PPN)236940406 035 $a(EXLCZ)994100000008496703 100 $a20190619j|||||||| ||| 0 101 0 $afre 135 $auu||||||m|||| 200 00$aGouverner les pauvres$ePolitiques sociales et administration du mérite$fÉlisa Chelle 210 $aRennes$cPresses universitaires de Rennes$d2018 215 $a1 online resource (290 p.) 311 $a2-7535-2117-4 330 $aEt si l'aide sociale cessait d'être un droit ? Jamais sans doute la question n'aura paru autant d'actualité. Il est vrai que le pauvre méritant fait son grand retour sur la scène des politiques sociales. Lutter contre la pauvreté : l'objectif est toujours de mise mais il s'ordonne dorénavant à un sens commun qui fait du mérite le maître-mot. Et de l'expérimentation un moyen de concilier impartialité et justice. Sur la base d'une enquête minutieuse menée en France (le Revenu de solidarité active) et aux États-Unis (Opportunity NYC), l'ouvrage d'Élisa Chelle nous fait découvrir cette forme nouvelle de gouvernement des pauvres. Le paradigme qui est au c?ur de ce tournant du réformisme social ? Celui de la conditionnalité comportementale, un schéma de pilotage qui, tout en assurant se démarquer d'une logique simplement économique, fait de la récompense monétaire le levier de la motivation. Et de la motivation le gage d'un comportement prédéfini. Renouveler les termes de la relation entre populations pauvres et pouvoir politique, voilà tout le sens de cette technique de gouvernement s'inspirant des théories du « nudge », c'est-à-dire d'une forme paradoxale d'autonomie institutionnalisée où les « bons comportements » tiennent lieu d'échappatoire à la pauvreté. L'aide sociale devient alors un gouvernement moral justifié par la science. Elle s'adosse à une éthique du travail et à la « bonne volonté » des pauvres par la vertu d'une mise en scène dont cette recherche, conduite de part et d'autre de l'Atlantique, analyse les enjeux, avec finesse et réalisme. 606 $aPolitical Science 606 $apolitique sociale 606 $aaide sociale 606 $apauvreté 606 $aexclusion sociale 615 4$aPolitical Science 615 4$apolitique sociale 615 4$aaide sociale 615 4$apauvreté 615 4$aexclusion sociale 700 $aChelle$b Élisa$01459394 701 $aCommaille$b Jacques$0780479 801 0$bFR-FrMaCLE 906 $aBOOK 912 $a9910495818803321 996 $aGouverner les pauvres$93658696 997 $aUNINA LEADER 02442nam 2200577Ia 450 001 9910780339903321 005 20230617022904.0 010 $a1-283-90430-6 010 $a1-4175-0101-4 010 $a1-84642-416-X 035 $a(CKB)111087028266946 035 $a(EBL)290833 035 $a(OCoLC)567905666 035 $a(SSID)ssj0000116949 035 $a(PQKBManifestationID)11117198 035 $a(PQKBTitleCode)TC0000116949 035 $a(PQKBWorkID)10034915 035 $a(PQKB)10807109 035 $a(MiAaPQ)EBC290833 035 $a(Au-PeEL)EBL290833 035 $a(CaPaEBR)ebr10064478 035 $a(CaONFJC)MIL421680 035 $a(EXLCZ)99111087028266946 100 $a20040329d2003 uy 0 101 0 $aeng 135 $aur|n|---||||| 181 $ctxt 182 $cc 183 $acr 200 10$aCalling the shots$b[electronic resource] $echildhood vaccination - one family's journey /$fMary Alexander 210 $aLondon $cJessica Kingsley$d2003 215 $a1 online resource (172 p.) 300 $aIncludes index. 311 $a1-84310-133-5 327 $aCalling the Shots: Childhood Vaccination One Family's Journey; Contents; Glossary of Terms; Introduction; 1. The Question Mark over Vaccination; 2. Florence I: A Rude Awakening; 3. The History of Vaccination; 4. Florence II: The Damage Done; 5. Do We Really Need All These Vaccinations?; 6. Florence III: Strains, Planes and Ambulance Rides; 7. Andrew Wakefield and the MMR; 8. Florence IV: Recovery Position; 9. Social Responsibility: The Pressure to Vaccinate; 10. Taking Back Responsibility for My Children's Health 330 $aMixing personal experience with factual research, Alexander examines vaccination and highlights some of the questions she believes should be at the forefront of parents' minds. This book aims to provide parents with the knowledge and curiosity needed to make an informed, confident decision about vaccination. 606 $aVaccination of children 606 $aVaccination$xComplications 606 $aVaccination$xHistory 615 0$aVaccination of children. 615 0$aVaccination$xComplications. 615 0$aVaccination$xHistory. 676 $a614.47082 700 $aAlexander$b Mary$0617263 801 0$bMiAaPQ 801 1$bMiAaPQ 801 2$bMiAaPQ 906 $aBOOK 912 $a9910780339903321 996 $aCalling the shots$93844123 997 $aUNINA LEADER 02049oam 2200385z- 450 001 9910141710903321 005 20201118124546.0 010 $a9788867286324 010 $a8867286323 035 $a(CKB)2560000000291992 035 $a(BIP)049021428 035 $a(Perlego)2362656 035 $a(EXLCZ)992560000000291992 100 $a20210326d2016 uy | 101 0 $aita 200 00$aCelebrazione e autocritica $eLa Serenissima e la ricerca dell'identita? veneziana nel tardo Cinquecento 210 $aRoma - Venezia $cViella$d2014 215 $a1 online resource (320 p.) $cill 311 08$a9788867280759 311 08$a8867280759 311 08$a9788867282616 311 08$a8867282611 330 8 $aL'ostentazione autocelebrativa e? sintomo di crisi. Negli ultimi decenni del XVI secolo Venezia reagi? a quella che fu una devastante combinazione di guerre, carestie, disastri naturali, pestilenze con splendide feste pubbliche, giochi e libelli, nuove opere edilizie nonche? cicli decorativi, allo scopo di enfatizzare il ruolo della Serenissima nell'ambito del cosiddetto "mito di Venezia". Ma dietro a tale sottile velo si nascondeva, unitamente a un forte desiderio di riforma, una profonda insicurezza. In questo libro un gruppo internazionale di musicologi, storici, storici dell'arte, dell'architettura, del teatro e dello spettacolo prendono in esame la relazione dialettica tra critica e (auto)celebrazione. Grazie a tale approccio interdisciplinare il volume offre uno sguardo inedito e nuove sfumature su un periodo cosi? cruciale per la storia della Serenissima. 517 $aCelebrazione e autocritica 517 $aCelebrazione autocritica 607 $aVenice (Italy)$xCivilization$y16th century$vCongresses 607 $aVenice (Italy)$xHistory$y16th century$vCongresses 610 $aItaly 610 $aHistory 700 $aPaul$b Benjamin$0766382 702 $aPaul$b Benjamin 906 $aBOOK 912 $a9910141710903321 996 $aCelebrazione e autocritica$94171076 997 $aUNINA LEADER 03152oam 22006254a 450 001 9910309956703321 005 20260304110032.0 010 $a1-04-078618-9 010 $a90-485-3868-8 024 7 $a10.1515/9789048538683 035 $a(CKB)3840000000350260 035 $a(MiAaPQ)EBC5219273 035 $a(DE-B1597)502501 035 $a(OCoLC)1058961176 035 $a(DE-B1597)9789048538683 035 $a(OCoLC)1112364898 035 $a(MdBmJHUP)muse76573 035 $a(ScCtBLL)2d388d21-972c-47d5-aa73-883034c38ebd 035 $a(PPN)267858469 035 $a(Perlego)1458569 035 $a(oapen)doab26993 035 $a(ODN)ODN0012395873 035 $a(EXLCZ)993840000000350260 100 $a20190816e20192017 uy 0 101 0 $aeng 135 $aurcnu|||||||| 181 $2rdacontent 182 $2rdamedia 183 $2rdacarrier 200 10$aAccelerators in Silicon Valley /$fPeter Ester 205 $a1st ed. 210 $aAmsterdam$cAmsterdam University Press$d2017 210 1$aBaltimore, Maryland :$cProject Muse,$d2019 210 4$d©2019 215 $a1 online resource (176 pages) 311 08$a94-6298-716-5 320 $aIncludes bibliographical references. 327 $aSilicon Valley -- Innovation and startups in Silicon Valley -- Unique selling points -- Strong teams will win -- Working on a dream -- Accelerator darlings, challenges, and future plans -- What can Europe learn from Silicon Valley accelerators? 330 $aSilicon Valley is the world's most successful innovation region. Apple, Google, Facebook, Instagram, Twitter, WhatsApp, Uber, and Airbnb changed our way of living. Silicon Valley has built a brilliant ecosystem that supports startups. Its entrepreneurial mindset fosters risk-taking, thinking big, and sharing. A fast growing number of accelerators in Silicon Valley help startups by bringing their product to the market, refining their business idea, developing their product, strengthening their team, designing a marketing strategy, getting first customers and traction, raising funds, and coping with the hardships of startup life. In Accelerators in Silicon Valley Peter Ester describes how these 'schools of startup entrepreneurship' operate and empower startups. What can we learn from how Silicon Valley accelerators help startups to become successful companies? This book gives the answer. Accelerators in Silicon Valley is a book for those who share a fascination for building the new startup economy. 606 $aHigh technology industries$zCalifornia$zSanta Clara County 606 $aBusiness incubators$zCalifornia$zSanta Clara County 606 $aEntrepreneurship$zCalifornia$zSanta Clara County 606 $aNew business enterprises$xPlanning 615 0$aHigh technology industries 615 0$aBusiness incubators 615 0$aEntrepreneurship 615 0$aNew business enterprises$xPlanning. 676 $a330 700 $aEster$b P.$0975430 801 0$bMdBmJHUP 801 1$bMdBmJHUP 906 $aBOOK 912 $a9910309956703321 996 $aAccelerators in Silicon Valley$92440096 997 $aUNINA